k corp (League of legends) - Statistiques

Statistiques générales
  • Ce quiz a été pris 550 fois
    145 depuis la dernière actualisation
  • Le résultat moyen est 20 sur 36
Statistiques - réponses
Hint Réponse % Correct
TOP CANNA
96%
ADC CALISTE
95%
MID saken
92%
MID VLADI
92%
TOP cabochard
91%
SUPP Targamas
89%
JGL YIKE
81%
TOP Adam
80%
TOP KCB MAYNTER
79%
JGL KCB YUKINO
71%
ADC KCB 3XA
70%
JGL BO
68%
A COACH Reha
68%
ADC Rekkles
68%
JGL Cinkrof
62%
JGL 113
61%
ADC UPSET
57%
SUB MID NISQY
56%
SUPP KCB PIERO
54%
MID KCB SLOWQ
54%
ADC xMatty
50%
JGL KCB BOUKADA
49%
JGL KCB ISMA
45%
JGL KCB LYNCAS
44%
JGL skeanz
42%
JGL CLOSER
38%
ADC kaori
38%
SUPP KCB FLESHY
36%
COACH Striker
36%
SUPP Hantera
35%
MID Nuclearint
34%
SUPP whiteinn
32%
MID KCB ABBEDAGGE
31%
TOP Wao
29%
ADC Jujutw0
13%
SUPP Helaz
10%
Aucun quiz correspondant
Distribution des résultats
% des personnes avec chaque résultat
Percentile par nombre de réponses
Votre historique - résultats
Vous n’avez pas pris ce quiz depuis la dernière actualisation